000 00486nam a2200181Ia 4500
008 090123s9999 xx 000 0 und d
082 _b36485
100 _aसराफ ज.रा.
245 _aनंदादीप
250 _a0
260 _bघरकुल प्रकाशन
_c1999
300 _a128
600 _aसराफ ज.रा.
630 _aनंदादीप
700 _aसराफ ज.रा.
730 _aनंदादीप
942 _cBOOK
999 _c74553
_d74553